000 00655nam a22002297a 4500
003 UA-OsUOA
001 97091
007 ta
008 20130326b un ||||| |||| 00| 0 ukr d
100 _aНович И.
090 _a821.161.1
_bН73
942 _cBK
040 _aUA-OsUOA
_brus
_cUA-OsUOA
_dUA-OsUOA
245 _aМолодой Герцен
_bискания, идеи, образы, личность
300 _a406 с.
955 _a3
041 _arus
080 _a821.161.1
260 _aМ.
_bСоветский писатель
_c1980
650 7 _a82 Література. Літературознавство
_2UDC
999 _c383340
_d383340